000 00504nam a2200169 a 4500
001 6998
003 CO-ViMGA
008 141112s2004 ck r 000 u spa d
040 _aCO-ViMGA
_bspa
_cCO-ViMGA
082 0 4 _a343.09 C656eq
100 1 _aColombia. Contraloría General de la República
_96039
245 1 0 _aLa equidad en los servicios públicos domiciliarios
260 _aSantafé de Bogotá :
_bLa Contraloría,
_c1994
300 _a95 p
650 1 4 _aSERVICIOS PUBLICOS
_96040
942 _2ddc
_cBK
999 _c18965
_d18965